Catálogo
 En Linea

Consules de Sodoma : (Registro nro. 42617)

Detalles MARC
000 -CABECERA
campo de control de longitud fija 00702nam a2200169 a 4500
001 - NÚMERO DE CONTROL
campo de control 000043128
005 - FECHA Y HORA DE LA ÚLTIMA TRANSACCIÓN
campo de control 20201002040646.0
008 - DATOS DE LONGITUD FIJA--INFORMACIÓN GENERAL
campo de control de longitud fija 140220s1983 sp c 000 0 spa d
020 ## - NÚMERO INTERNACIONAL ESTÁNDAR DEL LIBRO
Número Internacional Estándar del Libro 8472236080
040 ## - FUENTE DE LA CATALOGACIÓN
Centro catalogador/agencia de origen DO-SdBNP
Lengua de catalogación spa
Centro/agencia transcriptor BNPHU
245 00 - MENCIÓN DE TÍTULO
Título Consules de Sodoma :
Resto del título Entrevistas de "Gay Sunshine" a William Burroughs, Jean Genet, Lou Harrison, John Rechy, Gore Vidal /
Mención de responsabilidad, etc. edición a cargo de Winston Leyland ; traduccón de Homero Alsina Thevenet.
260 ## - PUBLICACIÓN, DISTRIBUCIÓN, ETC.
Lugar de publicación, distribución, etc. Barcelona :
Nombre del editor, distribuidor, etc. Tusquets,
Fecha de publicación, distribución, etc. 1983.
300 ## - DESCRIPCIÓN FÍSICA
Extensión v. (241 p.) ; :
Otras características físicas il. ;
Dimensiones 19 cm.
490 1# - MENCIÓN DE SERIE
Mención de serie Cuadernos ínfimos
Designación de volumen o secuencia 108
504 ## - NOTA DE BIBLIOGRAFÍA, ETC.
Nota de bibliografía, etc. Incluye referencias bibliográfica y notas al pie de las páginas
830 #0 - PUNTO DE ACCESO ADICIONAL DE SERIE-TÍTULO UNIFORME
Título uniforme Cuadernos ínfimos
Designación de volumen o secuencia 108
9 (RLIN) 70678
Existencias
Estado de retiro Estado de pérdida Restricciones de uso No para préstamo Código de colección Localización permanente Ubicación/localización actual Ubicación en estantería Fecha de adquisición Número de inventario Total de préstamos Signatura topográfica completa Código de barras Fecha visto por última vez Precio válido a partir de Tipo de ítem Koha
        Monografías: Libros y Folletos General General Orden iniciada 20.02.2014 LF1   43128-10 25.06.2020 25.06.2020 No se presta

Con tecnología Koha